Blitz: Does It Contain 'D'? Quiz Stats

 Plays Quiz Updated Jul 10, 2014

Support Sporcle.
Go Orange.
Score 0/80 Timer 01:00
0 Plays Today
Word (Y)es or (N)o? % Correct
summers???
78.4%
discontinued???
78.4%
darkened???
78.4%
motto???
78.2%
stenosis???
78.2%
noises???
78.2%
realizes???
78.2%
revive???
78.1%
lava???
78.1%
immensely???
78.1%
shafts???
78.1%
motionless???
78%
superseded???
78%
amazing???
78%
spark???
78%
pronoun???
78%
grandchildren???
77.9%
aorta???
77.9%
graded???
77.9%
warranty???
77.9%
pipeline???
77.8%
queens???
77.8%
alveolar???
77.7%
whatever???
77.7%
honorary???
77.7%
wherefore???
77.7%
verge???
77.7%
allegations???
77.7%
psychiatrist???
77.7%
exploits???
77.6%
trifling???
77.6%
teenagers???
77.6%
passport???
77.6%
grotesque???
77.5%
paints???
77.5%
detrimental???
77.5%
exertions???
77.5%
skip???
77.4%
existential???
77.4%
horizontally???
77.3%
Word (Y)es or (N)o? % Correct
trusting???
77.2%
illuminating???
77.2%
tungsten???
77.1%
greenhouse???
77%
ducks???
76.7%
adaptations???
76.7%
shrewd???
76.7%
deference???
76.7%
eddy???
76.4%
touchdown???
76.1%
fading???
76.1%
presiding???
76%
adultery???
76%
hardy???
75.8%
confidently???
75.7%
bankrupt???
75.6%
detecting???
75.3%
spindle???
75.1%
rewarding???
75%
extraordinarily???
74.9%
reversible???
74.9%
header???
74.8%
mastered???
74%
acid???
73.8%
ensured???
73.7%
operated???
73.5%
invade???
73.4%
louder???
72.9%
dissection???
72.8%
adjective???
72.7%
credit???
72.6%
winged???
72.6%
avoids???
72.5%
judicious???
72.2%
alienated???
71.9%
stunned???
71.6%
preclude???
70.3%
ragged???
70.2%
withheld???
70%
hydrolysis???
69.7%

You're not logged in!

Compare scores with friends on all Sporcle quizzes.
OR
Log In

From the Vault

Which Medical Drama?

by Jolly_Penguin

Fun fact: Numerous doctors have called Scrubs the most realistic and relatable of these four shows.
Remove Ads.
Support Sporcle.
Get the best of Sporcle when you Go Orange. This ad-free experience offers more features, more stats, and more fun while also helping to support Sporcle. Thank you for becoming a member.

Show Comments

Extras

Top Quizzes Today


Score Distribution

Your Account Isn't Verified!

In order to create a playlist on Sporcle, you need to verify the email address you used during registration. Go to your Sporcle Settings to finish the process.

Report this User

Report this user for behavior that violates our Community Guidelines.

Details: